000 00880 a2200241 4500
001 TB12290
003 IN-BhIIT
005 20250328111133.0
008 250328b |||||||| |||| 00| 0 eng d
020 _a9789355519726 (pbk.)
040 _aIN-BhIIT
041 _aeng
082 _a005.1
_bBHA/C
100 _aBhanushali, Amit
_eAuthor
_925893
245 _aContinuous integration and delivery with test driven development :
_bcultivating quality, speed, and collaboration through automated pipelines /
_cby Amit Bhanushali, Alekhya Achanta, Beena Bhanushali
260 _aNew Delhi :
_bBPB Publications,
_c2024.
300 _axxiii, 214 p. :
_bill. ;
_c24 cm
504 _aIncludes bibliographical references and index.
650 _aProgramming
_97902
700 _aAchanta, Alekhya
_eJoint author
_925894
700 _aBhanushali, Beena
_eJoint author
_925895
942 _cTB
999 _c14786
_d14786